Ambiente y calidad de vida: una opinión /
Guardado en:
| Autor principal: | |
|---|---|
| Autor Corporativo: | |
| Formato: | Desconocido |
| Lenguaje: | Spanish |
| Materias: | |
| Etiquetas: |
Agregar Etiqueta
Sin Etiquetas, Sea el primero en etiquetar este registro!
|
MARC
| LEADER | 00000 a2200000 04500 | ||
|---|---|---|---|
| 003 | cru CIDCACS/IIS | ||
| 005 | 20230102104515.0 | ||
| 008 | 230102b |||||||| |||| 00| 0 spa d | ||
| 040 | |c cru CIDCACS/IIS | ||
| 100 | 1 | |9 10864 |a Salazar Cambronero, Roxana |e Autora | |
| 245 | 1 | |a Ambiente y calidad de vida: |b una opinión / |c Roxana Salazar Cambronero | |
| 300 | |a páginas 691-693 | ||
| 651 | 0 | |9 32 |a COSTA RICA | |
| 710 | |a Universidad Nacional (Costa Rica) | ||
| 773 | 0 | |0 17141 |9 4797 |a Costa Rica. |d Heredia: UNA, 1993 |o 22321 |t Ideario Costarricense / |w (cru CIDCACS/IIS)4416 | |
| 942 | |2 ddc |c LI | ||
| 999 | |c 44668 |d 44668 | ||
